La Filmographie de Tim Burton - Statistiques

Statistiques générales
  • Ce quiz a été pris 496 fois
  • Le résultat moyen est 12 sur 19
Statistiques - réponses
Année Film % Correct
1990 Edward aux mains d'argent
86%
2005 Charlie et la chocolaterie
80%
2005 Les noces funèbres
78%
2010 Alice au pays des merveilles
75%
2003 Big fish
70%
1988 Beetlejuice
69%
1989 Batman
68%
2012 Frankenweenie
66%
2012 Dark shadows
64%
1999 Sleepy Hollow: la légende du cavalier sans tête
64%
2019 Dumbo
63%
1992 Batman: Le défi
62%
2016 Miss Peregrine et les enfants particuliers
61%
2014 Big eyes
58%
2007 Sweeney Todd: le diabolique barbier de Fleet Street
58%
2001 La planète des singes
52%
1996 Mars attacks!
50%
1994 Ed Wood
48%
1985 Pee-Wee Big Adventure
43%
Aucun quiz correspondant
Distribution des résultats
% des personnes avec chaque résultat
Percentile par nombre de réponses
Votre historique - résultats
Vous n’avez pas pris ce quiz